00714nam a2200229 a 4500001001300000003000900013005001700022008004100039020001000080082001600090100002500106245007400131260003400205500003500239505001500274650002300289700002500312902000800337942000700345952011700352999001500469nice12345678IN_TiNIC20260116012722.0050524s0000 alia grp 000 0 urd  ac10000a181.07bGHA aGhazali, Al Mohammad aMarifat Zat-Ullah, Asnaf Al Falsafato Uloomaham, Al-Rooh-O-Haqiqatagh aAligarhbFaiz Aam Pressc0000 aincludes index and biblioraphy2 a6 Articles aPhilosophy-Islamic1 aGhazali, Al Mohammad bSRS cBK 001040708StackRoom-aHMIbHMId2007-03-16g100.00l0o181.07 GHAp013442r2007-03-16v100.00w2005-05-24yBK c8087d8087